000 00637nam a2200277Ia 4500
005 20260324150256.0
008 008 260324s9999 xx 000 0 eng d
020 _a9780203125465
037 _aEBOOK
040 _aCRL
040 _beng
040 _cCRL
041 _2eng
041 _aeng
084 _qCRL
100 _aT Miles
_91225869
245 0 _aOn Helping the Dyslexic Child (RLE Edu M)
260 _bTaylor and Francis
260 _c1970
365 _a
365 _b180
856 _uhttp://www.taylorfrancis.com/books/9780203125465
942 _cEBOOK
999 _c1835028
_d1835028